La administración corporativa basada en la información : (Record no. 803)

MARC details
000 -CABECERA
campo de control de longitud fija 00657nam a2200181 a 4500
005 - FECHA Y HORA DE LA ÚLTIMA TRANSACCIÓN
campo de control 20210223120424.0
008 - ELEMENTOS DE LONGITUD FIJA--INFORMACIÓN GENERAL
campo de control de longitud fija 991125s1991 mx 000 0 spa u
020 ## - NÚMERO INTERNACIONAL NORMALIZADO PARA LIBROS
Número Internacional Estándar del Libro 9687144270
035 ## - NÚMERO DE CONTROL DEL SISTEMA
Número de control de sistema UPN01000000803
049 ## - COLECCIÓN
Colección CG
050 #4 - SIGNATURA TOPOGRÁFICA DE LA BIBLIOTECA DEL CONGRESO
Número de clasificación T58.64
Número de documento/Ítem V5.28
100 1# - ASIENTO PRINCIPAL--NOMBRE PERSONAL
Nombre de persona Vincent, David R.
245 13 - MENCIÓN DE TÍTULO
Título La administración corporativa basada en la información :
Resto del título la economía de los participantes de la empresa y la inversión en tecnología /
Mención de responsabilidad, etc. David R. Vincent ; tr. Jaime Gómez Mont.
260 ## - PUBLICACIÓN, DISTRIBUCIÓN, ETC.
Lugar de publicación, distribución, etc. México :
Nombre del editor, distribuidor, etc. IMEF,
Fecha de publicación, distribución, etc. 1991.
300 ## - DESCRIPCIÓN FÍSICA
Extensión 345 p.
650 #4 - ASIENTO SECUNDARIO DE MATERIA - TERMINO TEMATICO
Término de materia o nombre geográfico como elemento de entrada ADMINISTRACION -
Subdivisión general SISTEMAS DE ALMACENAMIENTO Y RECUPERACION DE INFORMACION
9 (RLIN) 20237
905 ## - TIPO DE MATERIAL
Tipo de material Libro
Holdings
Estado de retiro Estado de pérdida Fuente del sistema de clasificación o colocación Estado dañado No para préstamo Código de colección Localización permanente Ubicación/localización actual Ubicación en estantería Total de préstamos Clasificación Código de barras Fecha visto por última vez Número de copia Tipo de ítem Koha
    Library of Congress Classification     Colección General Bib. Gregorio Torres Quintero Bib. Gregorio Torres Quintero Planta baja 3 T58.64 V5.28 144013 31/12/2020 1 Libro